000 00467nam a2200121Ia 4500
008 160523s9999 xx 000 0 und d
100 _aFaldu, Rushi.
245 _aMicrosoft System Center: Troubleshooting Configuration Manager
245 _c Rushi Faldu, et al.
260 _c2013
650 _xInformation Technology.
856 _uhttps://blogs.msdn.microsoft.com/microsoft_press/2013/11/12/free-ebook-microsoft-system-center-troubleshooting-configuration-manager/
999 _c294731
_d294731